000 01307nam a2200337 a 4500
001 000112572
003 CHAP
005 20220329144313.0
008 160621s2016 mx sm |||||||spa d
010 _a109033
011 _a110005
040 _cCHAP
090 _aTesis
100 1 _aArroyo Cuellar, Eunice Yunnuen
_9130950
245 1 0 _aIdentificación de metabolitos inhibidores de salmonella typhhimuríum producidos por microflora acidoláctica aislada de queso panela genuino
_h[En línea]
_cpor Eunice Yunnuen Arroyo Cuellar.
260 _aChapingo, Méx. :
_bEl autor,
_c2016.
500 _aPara ver el contenido del material haga clic en la liga
502 _aTesis (Ing. Agroindustrial ) -- UACH. Departamento de Ingeniería Agroindustrial
590 _aBATCH
_b00
_c20181121
_lUCH01
_h0758
590 _aE5765TAJ
_b05
_c20160621
_lUCH01
_h1114
590 _aE5765TAJ
_b05
_c20160621
_lUCH01
_h1115
590 _aE5765TAJ
_b05
_c20160621
_lUCH01
_h1327
650 1 4 _aBacterias ácido lácticas
_xEfecto en Salmonella typhimurium.
_9130951
650 1 4 _aFermentación
_xBioquímica.
_9130952
650 1 4 _aSalmonella
_xControl.
_9130173
856 _a1
_n0000573
856 _aFinding aid
_uhttp://10.13.5.2/tesis/sist112572.pdf
_zTeclea aquí
901 _aBK
942 _cTESIS
942 _n0
999 _c109033
_d109033